|
|
|
|
| LEADER |
00000nam a22000007a 4500 |
| 005 |
20130729131049.0 |
| 007 |
cr|||| |||| |
| 008 |
130729c20099999co ar|p s|||| 0||| 1spa d |
| 022 |
|
|
|a 0124-6399
|
| 035 |
|
|
|a 11152
|
| 040 |
|
|
|a vLex
|
| 090 |
|
|
|c 4459
|d 4459
|
| 245 |
0 |
0 |
|a Crn̤ica Universitaria
|h [Recurso electrn̤ico] :
|b Revista de la Universidad Sergio Arboleda
|
| 256 |
|
|
|a Servicio en ln̕ea
|
| 260 |
|
|
|a Bogot ̀:
|b Universidad Sergio Arboleda,
|c 2009 -
|
| 300 |
|
|
|a 1 recurso electrn̤ico
|
| 310 |
|
|
|a Anual
|
| 504 |
|
|
|a Contiene bibliografia
|
| 506 |
1 |
|
|a Contenido solo disponible en los productos indicados
|d vLex Global
|d vLex Global (Academic Edition, excluding Law Schools)
|d vLex Global (U.S. Academic Edition, Law Schools)
|d vLex Global (U.S. Academic Edition, excluding Law Schools)
|d vLex Global (Academic Edition, Law Schools)
|
| 650 |
0 |
4 |
|a Derecho
|z Brasil
|
| 740 |
0 |
|
|a vLex Revistas (Servicio en ln̕ea)
|
| 856 |
4 |
0 |
|u http://vlex.com/source/cronica-universitaria-revista-de-la-universidad-sergio-arboleda-11152
|z Acceso restringido
|
| 942 |
|
|
|c REV
|
| 999 |
0 |
|
|a Law
|